000 00606nam a2200229Ia 4500
003 OSt
005 20220924135332.0
006 a|||||r|||| 00| 0
007 ta
008 220923b |||||||| |||| 00| 0 ben d
024 _a290568
037 _cTextual
040 _aARTS
_cARTS
_bben
041 _2ben
_aben
082 _aO114,1NTRx, 157N4
100 _aGhosh Gajendra Kumar
_9210109
245 0 _aJibita o mriter janna
260 _c1994
650 _aSWEDISH LITERATURE
_9210110
942 _hO114,1NTRx, 157N4
_cTEXL
_2CC
999 _c440325
_d440325